Aircraft

Պահպանված է:
Մատենագիտական մանրամասներ
Հիմնական հեղինակ: Le Corbusier (Հեղինակ)
Ձևաչափ: Գիրք
Լեզու:իսպաներեն
Հրապարակվել է: Madrid Abada Editores 2003
Հրատարակություն:1a. ed
Շարք:Lecturas de Urbanismo
Խորագրեր:
Ցուցիչներ: Ավելացրեք ցուցիչ
Չկան պիտակներ, Եղեք առաջինը, ով նշում է այս գրառումը!

MARC

LEADER 00000cam a2200000 a 4500
001 UCE0005
003 CL-VaPUC
008 131227e20030000sp |||||||||||||||||spa|d
020 |a 8496258076 
082 0 4 |a 779  |b LEC  |2 21 
100 |a Le Corbusier  |e author  |9 265037 
245 1 0 |a Aircraft 
250 |a 1a. ed 
300 |a 123 p 
942 |c BK 
945 |d 20131227 10:32:00  |a dcastane 
260 |a Madrid  |b Abada Editores  |c 2003 
650 0 |a Fotografías  |9 268494 
650 7 |a AVIONES  |2 CL-VaPUC  |9 267263 
583 |a last modification  |c 20150728 11:19:10  |k Rodrigo Vera 
490 0 |a Lecturas de Urbanismo 
999 |c 354327  |d 354325 
952 |0 0  |1 0  |3 erb  |4 0  |6 779_000000000000000_LEC_2003  |7 0  |8 R  |9 460110  |a BIBART  |b BIBART  |i 5037557  |o 779 LEC 2003  |p 5037557  |r 2025-03-13  |w 2019-11-23  |y BK_R  |z Catalogado en:20131227  |k ART 
952 |0 0  |1 0  |3 erb  |4 0  |6 779_000000000000000_LEC_2003  |7 0  |8 R  |9 460111  |a BIBART  |b BIBART  |i 5192064  |o 779 LEC 2003  |p 5192064  |r 2025-03-13  |w 2019-11-23  |y BK_R  |z Catalogado en:20150731  |k ART